000 00289nam a22001337a 4500
008 170328b xxu||||| |||| 00| 0 eng d
020 _a9780781741354
041 _aeng
080 _a615.83
100 _a8
101 _aSHM
245 _aTHERAPEUTIC EXERCISE
_cHALL.C.M
942 _2udc
_cBK
999 _c8854
_d8854